| 000 | 00760 a2200157 4500 | ||
|---|---|---|---|
| 999 |
_c7313 _d7313 |
||
| 020 | _a0870946617 | ||
| 020 | _a9780870946615 | ||
| 050 |
_aTK5101 _b.G723 |
||
| 100 | _aGreen, James Harry | ||
| 245 |
_aThe Dow Jones-Irwin handbook of telecommunications _cJames Harry Green. |
||
| 260 |
_aHomewood, Ill. : _bDow Jones-Irwin, _c©1986. |
||
| 300 |
_axxix, 715 pages : _billustrations ; _c24 cm. |
||
| 505 | _a1. Introduction to telecommunications 2. Transmission concepts 3. Data communications systems 4.Pulse code modulation and digital carrier 5. Frequency division multiplex 6. Station equipment 7. Outside plant 8. Signaling systems 9. Circuit switched network systems 10. Local switching systems | ||
| 650 | _aTelecommunication. | ||
| 942 | _cBK | ||